000 00674cam a22002293a 4500
001 19119
003 PGUSA
005 20140828083415.0
008 060825s2006||||xxu|||||s|||||000 | eng d
040 _aPGUSA
_beng
042 _adc
050 4 _aBL
100 1 _aBloomfield, Maurice,
_d1855-1928
245 1 0 _aCerberus, The Dog of Hades :
_bThe History of an Idea
_h[electronic resource] /
_cMaurice Bloomfield
260 _bProject Gutenberg,
_c2006
506 _aPublic domain in the USA.
516 _aElectronic text
653 _aCerberus (Greek mythology)
830 0 _aProject Gutenberg
_v19119
856 4 0 _uhttp://www.gutenberg.org/ebooks/19119
942 _cEB
999 _c248374
_d248374